000
00267nam a2200121 a 4500
008
100917s1990|||| d
100
1
_a
Denker, Henry
245
1
0
_a
Pobúrenie
260
_b
Smena
_a
Bratislava
_c
1990
020
_c
29
044
_a
xo
_c
SK
041
_a
slo
999
_c
10417
_d
10417